000 00308nam a22001457a 4500
008 231004b ||||| |||| 00| 0 eng d
020 _a588524
041 _aeng
080 _a53
082 _a53SCH
100 _a24
101 _aMEK
245 _aQUANTUM ELECTRODYNAMICS
_cSCHWINGER.J
942 _2udc
_cBK
999 _c60424
_d60424